000 00776nam a2200169 i 4500
001 154580
003 ES-MaACL
005 20230906205803.0
008 020730s1891 sp f |||| | spa d
040 _aCCPB | B
_bspa
_cCCPB | B
100 1 _aGonzález Granda y Silva, José Ricardo.
_9127414
245 1 3 _aLa belladona y su alcaloide bajo el punto de vista terapéutico y médico legal /
_cmemoria escrita para el ejercicio del doctorado por José Ricardo González Granda y Silva.
260 _aMadrid :
_b[s.n.],
_c1891 (
_fEstablecimiento Tip. "Sucesores de Rivadeneyra")
300 _a50 p., [1] h. de grab. ;
_c26 cm.
650 4 _aBelladona (Medicamento)
_9164706
852 _aES-MaACL
_jT-502-F-5
_z- Enc. hol., conservando cub. original
_z- Enc. en un vol. facticio
999 _c154580
_d154580